000 00633nam a22002177a 4500
005 20170124105939.0
010 _a510924
020 _c00.00
035 _a510924
037 _bCen Lib/Ret
040 _aDPL
_bEN
082 _a235
_bSHA
100 _aShankaranarayanan, S.
_910716
245 _aGlory of the divine mother :
_cby S. Shankaranarayanan
_bdevimahatmyam /
260 _aPondicherry
_bDipti Publications
_c1968
270 _bPondicherry
_ashri arbindo ashram
300 _a322p.
_c20cm(Hb)
650 _aHindu Religion
_991324
650 _aDevi mahatmayam
_910718
942 _2ddc
_cEN
_h235
_mSHA
999 _c124425
_d124425